1328 1091 1281 1072 1290 1566 1017 1864 1759 1099 1342 1444 1911 1493 1047 1518 1848 1126 1545 1618 1796 1574 1781 1868 1426 1526 1736 1118 1809 1626 1381 1232 1753 1357 1557 1132 1159 1166 1144 1479 1000 1339 1976 1383 1068 1641 1153 1678 1231 1203 1009 1141 1041 1108 1342 1757 1593 1078 1553 1352 1471 1069 1866 1530 1783 1886 1068 1962 1335 1295 1658 1018 1147 1820 1558 1320 1164 1653 1138 1127 1916 1713 1039 1093 1744 1051 1441 1653 1166 1288 1644 1755 2000 1839 1591 1058 1978 1490 1446 BCNSPRNW ULIB Ver.6.0+V

เปลี่ยนเป็นภาษาไทย

Change to English
 แสดงรายละเอียดบรรณานุกรม
  กลับหน้าหลัก

Brief Record : Get Marc (ISO 2709) : E-mail record : QR code < ปิดหน้าต่าง
LEADER : 00000nam 2200000uu 4500
001    13399126671
003     ULIB
008    190206s2561||||th 000 0 tha d
020    ^a9786163982995
060    ^aWY16^bส46ป
100    ^aสุพิศ รุ่งเรืองศรี, บรรณาธิการ
245    ^aปฐมนิเทศวิชาชีพการพยาบาลและการผดุงครรภ์ = Introduction to Nursing and Midwifery Profession/^bสุพิศ รุ่งเรืองศรี, บรรณาธิการ
250    ^aพิมพ์ครั้งที่ 1
260    ^aเชียงใหม่ :^bคณะพยาบาลศาสตร์ มหาวิทยาลัยเชียงใหม่,^c2561
300    ^a144 หน้า
650    ^aพยาบาล--วิชาชีพ
945    ^p170^l0^i26965
945    ^p170^l0^i26974
945    ^p170^l0^i26973
945    ^p170^l0^i26972
945    ^p170^l0^i26971
945    ^p170^l0^i26970
945    ^p170^l0^i26969
945    ^p170^l0^i26968
945    ^p170^l0^i26967
945    ^p170^l0^i26966
999    ^aกัณชพร จุลอักษร
รายการนี้ยังไม่มีแท็ก
คุณยังไม่ได้ล็อกอิน คุณสามารถมีกิจกรรมร่วมกับเว็บไซต์ได้ แต่ต้องล็อกอินก่อน ::
  ล็อกอิน

รายการสื่อสารสนเทศ

ลำดับที่ ประเภท เลขเรียก/บาร์โค้ด สถานที่ สถานะ
1. หนังสือสำรอง
หนังสือสำรอง
WY16 ส46ป ฉ.1 
  Barcode: 26965
ห้องสมุดวิทยาเขตนครสวรรค์
►หนังสือทั่วไป:l:General Books
บนชั้น
2. วิทยาศาสตร์การแพทย์ และสุขภาพ
วิทยาศาสตร์การแพทย์ และสุขภาพ
WY16 ส46ป ฉ.10 
  Barcode: 26974
ห้องสมุดวิทยาเขตนครสวรรค์
►หนังสือทั่วไป:l:General Books
บนชั้น
3. วิทยาศาสตร์การแพทย์ และสุขภาพ
วิทยาศาสตร์การแพทย์ และสุขภาพ
WY16 ส46ป ฉ.2 
  Barcode: 26966
ห้องสมุดวิทยาเขตนครสวรรค์
►หนังสือทั่วไป:l:General Books
บนชั้น
4. วิทยาศาสตร์การแพทย์ และสุขภาพ
วิทยาศาสตร์การแพทย์ และสุขภาพ
WY16 ส46ป ฉ.3 
  Barcode: 26967
ห้องสมุดวิทยาเขตนครสวรรค์
►หนังสือทั่วไป:l:General Books
บนชั้น
5. วิทยาศาสตร์การแพทย์ และสุขภาพ
วิทยาศาสตร์การแพทย์ และสุขภาพ
WY16 ส46ป ฉ.4 
  Barcode: 26968
ห้องสมุดวิทยาเขตนครสวรรค์
►หนังสือทั่วไป:l:General Books
บนชั้น
6. วิทยาศาสตร์การแพทย์ และสุขภาพ
วิทยาศาสตร์การแพทย์ และสุขภาพ
WY16 ส46ป ฉ.5 
  Barcode: 26969
ห้องสมุดวิทยาเขตนครสวรรค์
►หนังสือทั่วไป:l:General Books
บนชั้น
7. วิทยาศาสตร์การแพทย์ และสุขภาพ
วิทยาศาสตร์การแพทย์ และสุขภาพ
WY16 ส46ป ฉ.6 
  Barcode: 26970
ห้องสมุดวิทยาเขตนครสวรรค์
►หนังสือทั่วไป:l:General Books
บนชั้น
8. วิทยาศาสตร์การแพทย์ และสุขภาพ
วิทยาศาสตร์การแพทย์ และสุขภาพ
WY16 ส46ป ฉ.7 
  Barcode: 26971
ห้องสมุดวิทยาเขตนครสวรรค์
►หนังสือทั่วไป:l:General Books
บนชั้น
9. วิทยาศาสตร์การแพทย์ และสุขภาพ
วิทยาศาสตร์การแพทย์ และสุขภาพ
WY16 ส46ป ฉ.8 
  Barcode: 26972
ห้องสมุดวิทยาเขตนครสวรรค์
►หนังสือทั่วไป:l:General Books
บนชั้น
10. วิทยาศาสตร์การแพทย์ และสุขภาพ
วิทยาศาสตร์การแพทย์ และสุขภาพ
WY16 ส46ป ฉ.9 
  Barcode: 26973
ห้องสมุดวิทยาเขตนครสวรรค์
►หนังสือทั่วไป:l:General Books
บนชั้น

รายการใกล้เคียง
    ผู้แต่ง [สุพิศ รุ่งเรืองศรี, บรรณาธิการ]

    หัวเรื่อง [พยาบาล--วิชาชีพ]

BibComment


ยังไม่เคยถูกคอมเมนท์

คอมเมนท์ทรัพยากรรายการนี้
  คอมเมนท์: ปฐมนิเทศวิชาชีพก..


 Copyright 2026. Bcnsprnw @Library